000 00482nam a2200181Ia 4500
008 100920s9999 xx 000 0 und d
082 _b66458
_a891.461 थ 89
100 _aपाडगांवकर मंगेश.
245 _aगझल.
260 _bमौज प्रकाशन गृह.
_c1989
300 _a85
_bसाधी
365 _b30
520 _aपदय.
630 _aगझल.
650 _aपदय.
730 _aगझल.
942 _cBOOK
999 _c709072
_d709069